[Event "DEM U10w 2019"]
[Site "Willingen GER"]
[Date "2019.06.12"]
[Round "7"]
[White "Lichtenegger, Katharina"]
[Black "Glotz, Diana"]
[Result "0-1"]
[Termination "normal"]
[Board "3"]
[WhiteElo "1238"]
[BlackElo "1244"]
[WhiteClock "00:16:38"]
[BlackClock "00:17:43"]
[PlyCount "88"]
[WhiteFideId "16287355"]
[BlackFideId "16278500"]
[EventCountry "GER"]
[EventRounds "11"]
[EventType "swiss"]
[EventDate "2019.06.08"]

1. e4 {[%clk 1:15:54]} 1... e5 {[%clk 1:15:52]} 2. Nf3 {[%clk 1:15:55]} 2...
Nc6 {[%clk 1:15:29]} 3. Bc4 {[%clk 1:15:01]} 3... Bc5 {[%clk 1:15:35]} 4. c3 {
[%clk 1:14:50]} 4... Nf6 {[%clk 1:13:56]} 5. d3 {[%clk 1:14:42]} 5... h6 {
[%clk 1:13:08]} 6. O-O {[%clk 1:14:34]} 6... O-O {[%clk 1:11:32]} 7. Nbd2 {
[%clk 1:13:43]} 7... d6 {[%clk 1:10:28]} 8. a4 {[%clk 1:13:28]} 8... a6 { [%clk
1:10:14]} 9. Re1 {[%clk 1:12:56]} 9... Ng4 {[%clk 1:06:06]} 10. Re2 { [%clk
1:10:37]} 10... Qe7 {[%clk 1:01:09]} 11. h3 {[%clk 1:09:44]} 11... Nf6 { [%clk
1:00:55]} 12. Nf1 {[%clk 1:09:26]} 12... Bd7 {[%clk 0:56:17]} 13. Ng3 { [%clk
1:07:37]} 13... Rfe8 {[%clk 0:52:47]} 14. Be3 {[%clk 1:05:01]} 14... Bxe3
{[%clk 0:49:18]} 15. Rxe3 {[%clk 1:03:10]} 15... Na5 {[%clk 0:43:46]} 16. Bb3 {
[%clk 1:02:32]} 16... c5 {[%clk 0:42:51]} 17. Nd2 {[%clk 0:57:01]} 17... Rac8 {
[%clk 0:36:34]} 18. Nc4 {[%clk 0:50:26]} 18... Nxc4 {[%clk 0:34:14]} 19. Bxc4 {
[%clk 0:49:30]} 19... b5 {[%clk 0:34:14]} 20. Bb3 {[%clk 0:46:10]} 20... c4 {
[%clk 0:32:08]} 21. dxc4 {[%clk 0:45:41]} 21... bxc4 {[%clk 0:32:24]} 22. Bc2 {
[%clk 0:45:13]} 22... Rb8 {[%clk 0:30:18]} 23. Rb1 {[%clk 0:42:48]} 23... Be6 {
[%clk 0:27:10]} 24. Nh5 {[%clk 0:35:51]} 24... Red8 {[%clk 0:21:33]} 25. Qf3 {
[%clk 0:23:16]} 25... d5 {[%clk 0:19:09]} 26. Nxf6+ {[%clk 0:20:29]} 26... Qxf6
{[%clk 0:18:48]} 27. Qg3 {[%clk 0:20:06]} 27... d4 {[%clk 0:16:10]} 28. cxd4 {
[%clk 0:19:59]} 28... exd4 {[%clk 0:16:20]} 29. Rf3 {[%clk 0:20:07]} 29... Qg5
{[%clk 0:16:07]} 30. Qxg5 {[%clk 0:19:21]} 30... hxg5 {[%clk 0:16:16]} 31. Rg3
{[%clk 0:18:46]} 31... f6 {[%clk 0:15:46]} 32. b4 {[%clk 0:18:04]} 32... d3 {
[%clk 0:16:00]} 33. Bd1 {[%clk 0:17:59]} 33... a5 {[%clk 0:15:46]} 34. b5 {
[%clk 0:18:07]} 34... Rbc8 {[%clk 0:15:52]} 35. Bg4 {[%clk 0:18:18]} 35... Bxg4
{[%clk 0:16:13]} 36. hxg4 {[%clk 0:18:19]} 36... d2 {[%clk 0:16:26]} 37. Rd1 {
[%clk 0:17:38]} 37... c3 {[%clk 0:16:47]} 38. f4 {[%clk 0:15:51]} 38... c2 {
[%clk 0:17:08]} 39. Rf1 {[%clk 0:15:55]} 39... d1=Q {[%clk 0:17:31]} 40. Rxd1 {
[%clk 0:15:59]} 40... cxd1=Q+ 41. Kh2 41... Rc1 {[%clk 0:17:16]} 42. Rh3 {
[%clk 0:16:08]} 42... Qh1+ {[%clk 0:17:31]} 43. Kg3 {[%clk 0:16:24]} 43... Rd3+
{[%clk 0:17:43]} 44. Kf2 {[%clk 0:16:38]} 44... Qf1# {Rh1} 0-1

[Event "DEM U10w 2019"]
[Site "Willingen GER"]
[Date "2019.06.12"]
[Round "7"]
[White "Oellrich, Emma"]
[Black "Jannicke, Svea"]
[Result "1-0"]
[Termination "normal"]
[Board "4"]
[WhiteElo "1484"]
[BlackElo "1062"]
[WhiteClock "01:16:29"]
[BlackClock "01:10:12"]
[PlyCount "89"]
[WhiteFideId "16268806"]
[BlackFideId "16287320"]
[EventCountry "GER"]
[EventRounds "11"]
[EventType "swiss"]
[EventDate "2019.06.08"]

1. e4 {[%clk 1:15:54]} 1... c5 {[%clk 1:15:53]} 2. Nf3 {[%clk 1:16:21]} 2... d6
{[%clk 1:16:15]} 3. d4 {[%clk 1:16:45]} 3... cxd4 {[%clk 1:16:40]} 4. Nxd4 {
[%clk 1:17:10]} 4... Nf6 {[%clk 1:17:02]} 5. Nc3 {[%clk 1:17:35]} 5... a6 {
[%clk 1:17:25]} 6. f3 {[%clk 1:17:59]} 6... g6 {[%clk 1:17:43]} 7. Be3 { [%clk
1:18:17]} 7... Bg7 {[%clk 1:17:58]} 8. Qd2 {[%clk 1:18:41]} 8... Nbd7 { [%clk
1:18:05]} 9. O-O-O {[%clk 1:18:33]} 9... O-O {[%clk 1:18:28]} 10. Bc4 { [%clk
1:18:51]} 10... b5 {[%clk 1:18:46]} 11. Bb3 {[%clk 1:19:10]} 11... Bb7 { [%clk
1:19:03]} 12. g4 {[%clk 1:18:24]} 12... Qc7 {[%clk 1:19:01]} 13. h4 { [%clk
1:18:42]} 13... b4 14. Na4 {[%clk 1:16:19]} 14... a5 {[%clk 1:19:05]} 15. h5
{[%clk 1:14:56]} 15... Nc5 {[%clk 1:18:59]} 16. hxg6 {[%clk 1:14:17]} 16...
Nxb3+ {[%clk 1:19:04]} 17. axb3 {[%clk 1:14:41]} 17... fxg6 {[%clk 1:15:53]}
18. Ne6 Qc6 19. Nxf8 {[%clk 1:13:55]} 19... Rxf8 {[%clk 1:16:15]} 20. Bh6 {
[%clk 1:13:46]} 20... Rc8 {[%clk 1:16:22]} 21. Bxg7 {[%clk 1:13:51]} 21... Kxg7
{[%clk 1:16:41]} 22. Rh2 {[%clk 1:13:15]} 22... Nd7 {[%clk 1:11:03]} 23. Qh6+ {
[%clk 1:15:17]} 23... Kf7 {[%clk 1:10:35]} 24. Qxh7+ {[%clk 1:15:33]} 24... Ke8
{[%clk 1:10:56]} 25. Qxg6+ {[%clk 1:15:45]} 25... Kd8 {[%clk 1:11:15]} 26. Rh8+
{[%clk 1:15:55]} 26... Kc7 {[%clk 1:11:37]} 27. Rxc8+ {[%clk 1:16:17]} 27...
Bxc8 {[%clk 1:11:54]} 28. Qe6 {[%clk 1:16:19]} 28... Ba6 {[%clk 1:11:38]} 29.
Re1 {[%clk 1:15:59]} 29... Bd3 {[%clk 1:12:02]} 30. Nc3 {[%clk 1:14:41]} 30...
bxc3 {[%clk 1:12:22]} 31. cxd3 {[%clk 1:14:37]} 31... cxb2+ 32. Kxb2 32... a4 {
[%clk 1:11:39]} 33. Rc1 {[%clk 1:14:46]} 33... Nc5 {[%clk 1:10:59]} 34. Qc4 {
[%clk 1:13:48]} 34... axb3 {[%clk 1:11:02]} 35. d4 {[%clk 1:14:00]} 35... Qa6 {
[%clk 1:09:07]} 36. Qxa6 {[%clk 1:14:17]} 36... Kd7 {[%clk 1:08:16]} 37. dxc5 {
[%clk 1:14:33]} 37... dxc5 {[%clk 1:08:38]} 38. Rxc5 {[%clk 1:14:49]} 38... e6
{[%clk 1:08:49]} 39. Rb5 {[%clk 1:14:56]} 39... Ke7 {[%clk 1:09:04]} 40. Rb6 {
[%clk 1:15:10]} 40... Kf6 {[%clk 1:09:09]} 41. f4 {[%clk 1:15:28]} 41... Ke7 {
[%clk 1:09:22]} 42. Rxe6+ {[%clk 1:15:50]} 42... Kd7 {[%clk 1:09:42]} 43. Rh6 {
[%clk 1:16:06]} 43... Kc7 {[%clk 1:09:51]} 44. Qa7+ {[%clk 1:16:29]} 44... Kc8
{[%clk 1:10:12]} 45. Rh8# 1-0

[Event "DEM U10w 2019"]
[Site "Willingen GER"]
[Date "2019.06.12"]
[Round "7"]
[White "Bangiev, Katharina"]
[Black "Sickmann, Lisa"]
[Result "1-0"]
[Termination "normal"]
[Board "5"]
[WhiteElo "1003"]
[BlackElo "1418"]
[WhiteClock "00:37:24"]
[BlackClock "00:38:42"]
[PlyCount "85"]
[WhiteFideId "16267230"]
[BlackFideId "16267818"]
[EventCountry "GER"]
[EventRounds "11"]
[EventType "swiss"]
[EventDate "2019.06.08"]

1. Nf3 {[%clk 1:15:52]} 1... d5 {[%clk 1:15:39]} 2. g3 {[%clk 1:16:10]} 2...
Nf6 {[%clk 1:14:47]} 3. Bg2 {[%clk 1:16:12]} 3... c6 {[%clk 1:14:22]} 4. O-O {
[%clk 1:16:20]} 4... g6 {[%clk 1:13:45]} 5. d3 {[%clk 1:16:16]} 5... Bg7 {
[%clk 1:12:13]} 6. Nc3 {[%clk 1:16:00]} 6... O-O {[%clk 1:11:43]} 7. e4 { [%clk
1:15:44]} 7... dxe4 {[%clk 1:06:24]} 8. dxe4 {[%clk 1:14:57]} 8... Be6 { [%clk
1:04:26]} 9. Be3 {[%clk 1:13:33]} 9... h6 {[%clk 1:01:55]} 10. Qc1 { [%clk
1:12:32]} 10... Kh7 {[%clk 1:01:37]} 11. Rd1 {[%clk 1:11:07]} 11... Nbd7 {[%clk
0:59:15]} 12. Nd4 {[%clk 1:06:47]} 12... Bc4 13. f4 {[%clk 1:01:35]} 13... Ng4
{[%clk 0:55:11]} 14. e5 {[%clk 0:57:40]} 14... Nxe3 {[%clk 0:52:43]} 15. Qxe3
{[%clk 0:57:45]} 15... f5 {[%clk 0:50:14]} 16. b3 {[%clk 0:57:18]} 16... Bg8
{[%clk 0:50:30]} 17. Nf3 {[%clk 0:56:52]} 17... Qb6 {[%clk 0:49:59]} 18. Qxb6
{[%clk 0:54:07]} 18... Nxb6 {[%clk 0:49:51]} 19. Rd3 {[%clk 0:53:08]} 19...
Rfd8 {[%clk 0:50:00]} 20. Rad1 {[%clk 0:53:08]} 20... Rxd3 { [%clk 0:47:05]}
21. Rxd3 {[%clk 0:53:13]} 21... Be6 {[%clk 0:45:16]} 22. Nd4 { [%clk 0:52:52]}
22... Bf7 {[%clk 0:45:29]} 23. Na4 {[%clk 0:51:46]} 23... Nxa4 {[%clk 0:41:55]}
24. bxa4 {[%clk 0:52:00]} 24... Bxa2 {[%clk 0:42:08]} 25. Nb3 {[%clk 0:51:27]}
25... Bxb3 {[%clk 0:41:08]} 26. Rxb3 {[%clk 0:51:38]} 26... Rb8 {[%clk
0:41:20]} 27. Bxc6 {[%clk 0:51:38]} 27... b6 {[%clk 0:41:18]} 28. a5 {[%clk
0:51:47]} 28... Kg8 {[%clk 0:41:08]} 29. axb6 {[%clk 0:51:37]} 29... Rxb6
{[%clk 0:41:18]} 30. Bd5+ {[%clk 0:51:27]} 30... Kf8 {[%clk 0:41:25]} 31. Rc3
{[%clk 0:49:40]} 31... Rb8 {[%clk 0:39:59]} 32. Rc7 {[%clk 0:49:12]} 32... Rd8
{[%clk 0:39:14]} 33. c4 {[%clk 0:46:46]} 33... a5 {[%clk 0:37:51]} 34. Ra7
{[%clk 0:46:29]} 34... e6 {[%clk 0:37:48]} 35. Bxe6 {[%clk 0:45:40]} 35... Rd1+
{[%clk 0:37:03]} 36. Kg2 {[%clk 0:39:13]} 36... Rd2+ {[%clk 0:36:58]} 37. Kh3 {
[%clk 0:38:27]} 37... Ra2 {[%clk 0:37:04]} 38. Rf7+ {[%clk 0:38:16]} 38... Kg8
{[%clk 0:37:25]} 39. Rxf5+ {[%clk 0:37:38]} 39... Kh7 {[%clk 0:37:48]} 40. Rf7
{[%clk 0:37:30]} 40... a4 {[%clk 0:38:07]} 41. c5 {[%clk 0:36:44]} 41... Ra1 {
[%clk 0:38:33]} 42. c6 {[%clk 0:37:01]} 42... a3 {[%clk 0:38:42]} 43. c7 {
[%clk 0:37:24]} 1-0

[Event "DEM U10w 2019"]
[Site "Willingen GER"]
[Date "2019.06.12"]
[Round "7"]
[White "Trunz, Tamila"]
[Black "Moradi, Yassaman"]
[Result "1-0"]
[Termination "normal"]
[Board "6"]
[WhiteElo "1273"]
[BlackElo "1174"]
[WhiteClock "00:10:19"]
[BlackClock "00:59:33"]
[PlyCount "61"]
[WhiteFideId "16267885"]
[BlackFideId "16279964"]
[EventCountry "GER"]
[EventRounds "11"]
[EventType "swiss"]
[EventDate "2019.06.08"]

1. e4 {[%clk 1:15:56]} 1... c5 {[%clk 1:15:55]} 2. Nc3 {[%clk 1:16:17]} 2... d6
{[%clk 1:16:15]} 3. f4 {[%clk 1:16:38]} 3... e5 {[%clk 1:13:37]} 4. Bb5+ {
[%clk 1:15:35]} 4... Bd7 {[%clk 1:13:20]} 5. Bxd7+ {[%clk 1:13:48]} 5... Nxd7 {
[%clk 1:12:58]} 6. d3 {[%clk 1:13:46]} 6... Ngf6 {[%clk 1:13:03]} 7. Nf3 {
[%clk 1:13:44]} 7... Be7 {[%clk 1:12:34]} 8. O-O {[%clk 1:13:59]} 8... O-O {
[%clk 1:12:50]} 9. Qe1 {[%clk 1:13:34]} 9... a6 {[%clk 1:09:23]} 10. Qg3 {
[%clk 1:10:36]} 10... b5 {[%clk 1:09:20]} 11. fxe5 {[%clk 1:10:21]} 11... dxe5
{[%clk 1:08:27]} 12. Bh6 {[%clk 1:09:06]} 12... Ne8 {[%clk 1:08:26]} 13. Nd5 {
[%clk 1:07:38]} 13... Ndf6 {[%clk 1:05:54]} 14. Nxe7+ {[%clk 1:02:03]} 14...
Qxe7 15. Nxe5 {[%clk 1:01:21]} 15... Nh5 {[%clk 1:05:22]} 16. Qg4 { [%clk
0:51:56]} 16... Qxe5 {[%clk 1:05:07]} 17. Rf5 {[%clk 0:49:09]} 17... Nhf6
{[%clk 1:03:47]} 18. Qg5 {[%clk 0:43:37]} 18... Qxb2 {[%clk 1:03:36]} 19. Raf1
{[%clk 0:40:15]} 19... Kh8 {[%clk 1:01:33]} 20. Rxf6 {[%clk 0:38:56]} 20...
gxf6 {[%clk 1:00:19]} 21. Qd5 {[%clk 0:24:21]} 21... Nc7 {[%clk 0:59:22]} 22.
Qxc5 {[%clk 0:22:00]} 22... Rfc8 {[%clk 0:59:02]} 23. Qe7 {[%clk 0:20:17]}
23... Rg8 {[%clk 0:58:22]} 24. Qxc7 {[%clk 0:19:26]} 24... Rac8 {[%clk 0:58:31]
} 25. Qxf7 {[%clk 0:17:53]} 25... Rxc2 {[%clk 0:58:49]} 26. Qxf6+ { [%clk
0:13:08]} 26... Qxf6 {[%clk 0:59:13]} 27. Rxf6 {[%clk 0:12:45]} 27... Rxa2
{[%clk 0:59:18]} 28. g3 {[%clk 0:11:40]} 28... b4 {[%clk 0:59:26]} 29. Be3
{[%clk 0:10:53]} 29... b3 {[%clk 0:59:40]} 30. Bd4 {[%clk 0:10:38]} 30... b2 {
[%clk 0:59:33]} 31. Rf8# {[%clk 0:10:19]} 1-0

[Event "DEM U10w 2019"]
[Site "Willingen GER"]
[Date "2019.06.12"]
[Round "7"]
[White "Halas, Neele Zoe"]
[Black "Pröttel, Ela"]
[Result "0-1"]
[Termination "normal"]
[Board "7"]
[WhiteElo "1109"]
[BlackElo "1333"]
[PlyCount "84"]
[WhiteFideId "16287282"]
[BlackFideId "44582749"]
[EventCountry "GER"]
[EventRounds "11"]
[EventType "swiss"]
[EventDate "2019.06.08"]

1. e4 d5 2. exd5 Qxd5 3. Nc3 Qa5 4. d4 Nf6 5. Nf3 Nc6 6. Bc4 Bg4 7. Be2 O-O-O
8. Be3 e5 9. Bd2 a6 10. Ne4 Qb6 11. dxe5 Nxe4 12. O-O Bxf3 13. Be3 Rxd1 14.
Bxb6 Rxf1+ 15. Rxf1 Bxe2 16. Re1 Bb5 17. Rxe4 cxb6 18. c4 Ba4 19. b3 Bxb3 20.
axb3 Bc5 21. Kf1 Re8 22. f4 Na5 23. f5 Kd7 24. Re1 Nxb3 25. Rd1+ Kc7 26. Rd5
Rd8 27. Rxd8 Kxd8 28. Ke2 a5 29. e6 fxe6 30. fxe6 Ke7 31. g4 a4 32. g5 a3 33.
g6 hxg6 34. h4 a2 35. h5 a1=Q 36. hxg6 Qd4 37. Kf3 Nd2+ 38. Ke2 Nxc4 39. Kf3 b5
40. Kg3 Qe4 41. Kh2 Qg4 42. Kh1 Qg1# 0-1

[Event "DEM U10w 2019"]
[Site "Willingen GER"]
[Date "2019.06.12"]
[Round "7"]
[White "Bakó, Evelin"]
[Black "Czäczine, Paula"]
[Result "1/2-1/2"]
[Termination "normal"]
[Board "8"]
[WhiteElo "1152"]
[BlackElo "1170"]
[PlyCount "130"]
[WhiteFideId "16271823"]
[BlackFideId "16249305"]
[EventCountry "GER"]
[EventRounds "11"]
[EventType "swiss"]
[EventDate "2019.06.08"]

1. e4 e5 2. Nf3 Nc6 3. Bb5 a6 4. Ba4 Nf6 5. d3 Be7 6. Bxc6 dxc6 7. Nxe5 Bd6 8.
Nf3 O-O 9. O-O Bg4 10. h3 Bh5 11. Re1 Qe7 12. d4 Nxe4 13. Nbd2 f5 14. Nf1 Qf6
15. c3 Rae8 16. N1d2 Re6 17. Qb3 Bf7 18. Qc2 Rfe8 19. b4 Ng5 20. Bb2 Nxf3+ 21.
Nxf3 Bh5 22. Rxe6 Qxe6 23. Nd2 Qe2 24. c4 Bxb4 25. Bc3 Bxc3 26. Qxc3 Rd8 27.
Nb3 Bf7 28. Rc1 Qxa2 29. Rc2 Qb1+ 30. Rc1 Qe4 31. Re1 Qf4 32. Rd1 Re8 33. g3
Qe4 34. Na5 b6 35. Nb3 b5 36. cxb5 axb5 37. Nc5 Qe2 38. Rf1 Bd5 39. Na6 Re7 40.
Nb4 Qh5 41. Kh2 Re6 42. Nxd5 cxd5 43. Qxc7 Rh6 44. h4 g5 45. Qd8+ Kg7 46. Qe7+
Qf7 47. Qxg5+ Qg6 48. Qe7+ Qf7 49. Qc5 f4 50. Rg1 fxg3+ 51. Rxg3+ Rg6 52. Rxg6+
Qxg6 53. Qxb5 Qg4 54. Qxd5 Qxh4+ 55. Kg1 h5 56. Qb7+ Kg6 57. Qc6+ Qf6 58. Qxf6+
Kxf6 59. d5 Ke5 60. d6 Kxd6 61. Kg2 Ke6 62. Kg3 Kf5 63. Kh4 Kg6 64. f4 Kf5 65.
Kxh5 Kxf4 1/2-1/2

[Event "DEM U10w 2019"]
[Site "Willingen GER"]
[Date "2019.06.12"]
[Round "7"]
[White "Hoffmann, Svenja"]
[Black "Bauer, Laura Sophie"]
[Result "0-1"]
[Termination "normal"]
[Board "9"]
[WhiteElo "1072"]
[BlackElo "1356"]
[PlyCount "136"]
[WhiteFideId "16287312"]
[BlackFideId "16253647"]
[EventCountry "GER"]
[EventRounds "11"]
[EventType "swiss"]
[EventDate "2019.06.08"]

1. e4 c5 2. Nf3 a6 3. d4 cxd4 4. Nxd4 Nf6 5. Nc3 e5 6. Nf3 Bb4 7. Bd3 Nc6 8.
Be3 d5 9. exd5 Nxd5 10. Qd2 O-O 11. O-O Re8 12. Bh6 g6 13. Bc4 Nxc3 14. bxc3
Qxd2 15. Bxd2 Bc5 16. Bg5 Bf5 17. Bb3 Be6 18. Rfe1 Bxb3 19. cxb3 a5 20. Bf6 e4
21. Nd4 Bxd4 22. cxd4 Re6 23. Bg5 Nb4 24. Re2 f6 25. Bh6 g5 26. a3 Nd5 27. Rae1
Rc8 28. h3 Kf7 29. h4 Kg6 30. hxg5 fxg5 31. Rxe4 Rxe4 32. Rxe4 Kxh6 33. Re6+
Kh5 34. Re5 Rc1+ 35. Kh2 Nf4 36. d5 Rc5 37. Re7 Rxd5 38. g3 Nd3 39. Rg7 Nxf2
40. Kg2 Rd2 41. Kf3 g4+ 42. Kf4 Kh6 43. Kf5 Kxg7 44. Kf4 Ra2 45. a4 Ra3 46. Ke3
Nh1 47. Kf4 Rxb3 48. Kxg4 Rxg3+ 49. Kf4 Ra3 50. Ke4 Rxa4+ 51. Kf3 Ra2 52. Ke3
b5 53. Kd3 b4 54. Kc4 h5 55. Kb3 Re2 56. Kc4 h4 57. Kd3 Re8 58. Kc4 h3 59. Kb5
h2 60. Kxa5 Nf2 61. Kxb4 h1=R 62. Kc3 Rh6 63. Kc4 Rd6 64. Kc5 Rd1 65. Kc6 Rc8+
66. Kb7 Rc3 67. Kb6 Rb1+ 68. Ka5 Ra3# 0-1

[Event "DEM U10w 2019"]
[Site "Willingen GER"]
[Date "2019.06.12"]
[Round "7"]
[White "Krasikova, Milana"]
[Black "Bakó, Isabella"]
[Result "1-0"]
[Termination "normal"]
[Board "10"]
[WhiteElo "1023"]
[BlackElo "1215"]
[PlyCount "85"]
[WhiteFideId "16287347"]
[BlackFideId "16287266"]
[EventCountry "GER"]
[EventRounds "11"]
[EventType "swiss"]
[EventDate "2019.06.08"]

1. e4 c5 2. Nf3 a6 3. c4 e6 4. d4 cxd4 5. Nxd4 Bc5 6. Be3 Qb6 7. b3 e5 8. Nc2
Nf6 9. Nc3 Bxe3 10. Nxe3 Qb4 11. Qd2 b5 12. Rd1 O-O 13. Ned5 Nxd5 14. Nxd5
Qxd2+ 15. Rxd2 Nc6 16. cxb5 Nd4 17. bxa6 Bxa6 18. Bxa6 Rxa6 19. O-O Rd6 20. f4
Re6 21. fxe5 Nc6 22. b4 Rxe5 23. b5 Na5 24. Re1 f5 25. Rd4 Rfe8 26. Nc3 f4 27.
Rxd7 f3 28. gxf3 Rg5+ 29. Kf2 Rc8 30. Rc1 Rc4 31. b6 Rb4 32. Rb1 Rxb1 33. Nxb1
Rb5 34. Nc3 Rxb6 35. Nd5 Rb2+ 36. Ke3 Rxa2 37. Ne7+ Kf7 38. Nf5+ Ke6 39. Rxg7
Rxh2 40. Re7+ Kf6 41. Kf4 h5 42. e5+ Kg6 43. Rg7# 1-0

[Event "DEM U10w 2019"]
[Site "Willingen GER"]
[Date "2019.06.12"]
[Round "7"]
[White "Moldovan, Stela"]
[Black "Schülke, Rosalie"]
[Result "0-1"]
[Termination "normal"]
[Board "11"]
[WhiteElo "1193"]
[BlackElo "995"]
[PlyCount "78"]
[WhiteFideId "16287380"]
[BlackFideId "16287436"]
[EventCountry "GER"]
[EventRounds "11"]
[EventType "swiss"]
[EventDate "2019.06.08"]

1. e4 e6 2. Nf3 d5 3. e5 c5 4. c3 Bd7 5. Na3 a6 6. d4 c4 7. b3 b5 8. Be2 Nc6 9.
Ng5 g6 10. Qc2 b4 11. Nb1 bxc3 12. Qxc3 Bb4 13. Qxb4 Nxb4 14. O-O Nc2 15. Bb2
Nxa1 16. Bxa1 Qxg5 17. bxc4 Ne7 18. cxd5 Nxd5 19. Bf3 O-O 20. Nc3 Bc6 21. Bb2
Rfc8 22. Bc1 Qe7 23. Bh6 Nxc3 24. Bxc6 Rxc6 25. Rc1 Ne2+ 26. Kf1 Nxc1 27. g3
Qa3 28. Kg2 Qxa2 29. h4 Qd5+ 30. Kh2 Qxd4 31. Be3 Qxe5 32. Bxc1 Rxc1 33. Kg2
Qe2 34. h5 Rc2 35. hxg6 Qxf2+ 36. Kh3 hxg6 37. Kg4 Rc5 38. Kh3 Rh5+ 39. Kg4 f5#
0-1

[Event "DEM U10w 2019"]
[Site "Willingen GER"]
[Date "2019.06.12"]
[Round "7"]
[White "Heutling, Sarah"]
[Black "Neininger, Sarah"]
[Result "1-0"]
[Termination "normal"]
[Board "12"]
[WhiteElo "1147"]
[BlackElo "920"]
[PlyCount "91"]
[WhiteFideId "16287304"]
[BlackFideId "16287410"]
[EventCountry "GER"]
[EventRounds "11"]
[EventType "swiss"]
[EventDate "2019.06.08"]

1. e4 d5 2. exd5 Nf6 3. Nf3 Nxd5 4. d4 g6 5. Be2 Bg7 6. a3 O-O 7. O-O Nc6 8. c4
Nb6 9. Be3 Bg4 10. b3 Bxf3 11. Bxf3 Nxd4 12. Bxb7 Rb8 13. Be4 e5 14. Nc3 c6 15.
Rb1 Re8 16. Qd2 Ne6 17. Bxc6 Qxd2 18. Bxd2 Red8 19. Nd5 Rbc8 20. Ne7+ Kf8 21.
Nxc8 Rxd2 22. Nxb6 axb6 23. Rbd1 Rc2 24. a4 Rb2 25. Rd3 Nd4 26. Bb7 Rxb3 27.
Rxb3 Nxb3 28. Rd1 Nd4 29. Rb1 Ne2+ 30. Kf1 Nc3 31. Rxb6 e4 32. a5 Bd4 33. Rc6
f5 34. a6 Ke7 35. Rc7+ Kd6 36. Rxh7 Kc5 37. a7 Kxc4 38. a8=Q Kd3 39. Rh3+ e3
40. fxe3 Bxe3 41. Qd8+ Kc2 42. Rxe3 Kc1 43. Rxc3+ Kb2 44. Qd2+ Kb1 45. Qc2+ Ka1
46. Ra3# 1-0

[Event "DEM U10w 2019"]
[Site "Willingen GER"]
[Date "2019.06.12"]
[Round "7"]
[White "Struebel, Katharina"]
[Black "Ezold, Johanna Sophie"]
[Result "0-1"]
[Termination "normal"]
[Board "13"]
[WhiteElo "852"]
[BlackElo "1076"]
[PlyCount "80"]
[WhiteFideId "16284879"]
[BlackFideId "16275411"]
[EventCountry "GER"]
[EventRounds "11"]
[EventType "swiss"]
[EventDate "2019.06.08"]

1. e4 e5 2. Nf3 Nc6 3. Bc4 Bc5 4. c3 Nf6 5. d4 exd4 6. cxd4 Bb4+ 7. Bd2 Bxd2+
8. Nbxd2 d5 9. exd5 Nxd5 10. Qb3 Be6 11. Qxb7 Na5 12. Qa6 Nxc4 13. Qxc4 Nf6 14.
Qe2 O-O 15. Ng5 Re8 16. Qf3 h6 17. Nge4 Bd5 18. O-O Bxe4 19. Nxe4 Nxe4 20. Rfe1
Ng5 21. Qd3 Rxe1+ 22. Rxe1 Qd5 23. Re5 Qxa2 24. f4 Qa1+ 25. Kf2 Ne6 26. Qf3 Rb8
27. d5 Rxb2+ 28. Kg3 Nd4 29. Re8+ Kh7 30. Qe4+ g6 31. Qxd4 Rb3+ 32. Re3 Qxd4
33. Rxb3 Qxd5 34. Re3 Qd6 35. Re5 f6 36. Ra5 Qe7 37. Rxa7 Qe3+ 38. Kg4 f5+ 39.
Kh4 Qxf4+ 40. Kh3 Qg4# 0-1

[Event "DEM U10w 2019"]
[Site "Willingen GER"]
[Date "2019.06.12"]
[Round "7"]
[White "Niederdorfer, Mathilda"]
[Black "Vöcking, Julia"]
[Result "1-0"]
[Termination "normal"]
[Board "14"]
[WhiteElo "1036"]
[BlackElo "812"]
[PlyCount "125"]
[WhiteFideId "16275845"]
[BlackFideId "16287444"]
[EventCountry "GER"]
[EventRounds "11"]
[EventType "swiss"]
[EventDate "2019.06.08"]

1. e4 e5 2. f4 exf4 3. Nf3 Ne7 4. Bc4 d5 5. exd5 Nxd5 6. d4 Be6 7. O-O Be7 8.
Nbd2 Ne3 9. Qe2 Nxf1 10. Qxf1 Bxc4 11. Nxc4 O-O 12. Bxf4 c5 13. Rd1 Nc6 14. d5
Nb4 15. Ne3 Rc8 16. a3 Na6 17. c4 Bd6 18. Bg5 Qe8 19. Re1 f6 20. Bh4 Bf4 21.
Ng4 Qd7 22. Re6 Bg5 23. Bxg5 fxg5 24. Qd3 h6 25. Qg6 Rf7 26. Nxh6+ Kf8 27. Nxf7
Qxf7 28. Qxf7+ Kxf7 29. Nxg5+ Kf8 30. g4 Nc7 31. Re3 Re8 32. Rxe8+ Kxe8 33. h4
b5 34. b3 a5 35. a4 bxa4 36. bxa4 Nb5 37. h5 Nd6 38. Ne6 Ke7 39. g5 Kf7 40.
Nxc5 Nxc4 41. Nb7 g6 42. h6 Kg8 43. d6 Nxd6 44. Nxd6 Kf8 45. Nb7 Kf7 46. Nxa5
Ke6 47. h7 Kf5 48. h8=Q Kxg5 49. Qd8+ Kh5 50. Kh2 g5 51. Qh8+ Kg4 52. Qh3+ Kf4
53. Kg2 g4 54. Qg3+ Kg5 55. Nc6 Kf5 56. Nd4+ Kg5 57. a5 Kh5 58. a6 Kg5 59. a7
Kh5 60. a8=R Kg5 61. Rg8+ Kf6 62. Qxg4 Kf7 63. Qg7# 1-0

[Event "DEM U10w 2019"]
[Site "Willingen GER"]
[Date "2019.06.12"]
[Round "7"]
[White "Orlova, Anna-Daria"]
[Black "Müller, Riyanna"]
[Result "1/2-1/2"]
[Termination "normal"]
[Board "15"]
[WhiteElo "1095"]
[BlackElo "918"]
[PlyCount "63"]
[WhiteFideId "16275381"]
[BlackFideId "16287401"]
[EventCountry "GER"]
[EventRounds "11"]
[EventType "swiss"]
[EventDate "2019.06.08"]

1. e4 e5 2. Nf3 Nc6 3. Bc4 Bc5 4. Nc3 Nf6 5. d3 d6 6. h3 Be6 7. Bb3 Qd7 8. Be3
Bxe3 9. fxe3 O-O-O 10. Qd2 d5 11. O-O-O d4 12. Ne2 Qd6 13. Bxe6+ Qxe6 14. Kb1
Qd6 15. c3 dxc3 16. Nxc3 Nb4 17. Ne1 Qa6 18. a3 Nc6 19. Nc2 Nd7 20. Nd5 Nb6 21.
Nxb6+ Qxb6 22. d4 Na5 23. Qc3 exd4 24. Rxd4 Rxd4 25. Qxd4 Qxd4 26. exd4 Re8 27.
Re1 g5 28. e5 Kd7 29. Kc1 Kc6 30. Kd2 Kd5 31. Kd3 c5 32. b4 1/2-1/2